[Event "Schlechter Memorial"]
[Site "Vienna"]
[Date "1996.??.??"]
[Round "6"]
[White "Penz, Harald"]
[Black "Meszaros, Gyula"]
[Result "1-0"]
[WhiteElo "2340"]
[BlackElo "2300"]
[Annotator "Penz,H"]
[PlyCount "65"]
[EventDate "1996.10.10"]
[EventType "swiss"]
[EventRounds "9"]
[EventCountry "AUT"]
[SourceTitle "CBM 055 Extra"]
[Source "ChessBase"]
[SourceDate "1997.01.01"]
[SourceVersion "1"]
[SourceVersionDate "1997.01.01"]
[SourceQuality "1"]

1. e4 e6 2. d4 d5 3. Nd2 Nf6 4. e5 Nfd7 5. Bd3 c5 6. c3 Nc6 7. Ne2 cxd4 8. cxd4
f6 9. Nf4 $5 (9. exf6) 9... Nxd4 10. Qh5+ Ke7 11. Ng6+ hxg6 12. exf6+ Nxf6 13.
Qxh8 Kf7 14. f4 Bd7 (14... Qb6 15. O-O Nb3+ 16. Kh1 Nxa1 17. Nf3 $40 Ne4 18.
Ne5+ Ke8 19. Qg8 Nf2+ 20. Rxf2 Qxf2 21. Qf7+ Kd8 22. Qxf8+ Kc7 23. Qe7+ Kb6 24.
Qd6+ Ka5 25. Bd2+ Qxd2 26. Qc5+ Ka4 27. Qb5#) (14... Nc6 $5 15. Qh4 e5 16. Rf1
e4 $36) 15. O-O Rc8 $146 (15... Nc2 16. Bxc2 $4 (16. Kh1 Nxa1 17. Nf3 $40)
16... Bc5+ $19) 16. Kh1 Qa5 17. Nf3 Nxf3 18. Rxf3 Ne4 19. Be3 Ba3 20. Qh7 Bxb2
21. Raf1 Bb5 $6 {[#]} (21... Qxa2) 22. f5 $3 gxf5 $142 (22... Bxd3 $2 23. Qxg6+
Ke7 24. Qxe6+ Kd8 25. Rh3 $1 g5 26. Rh7 $1) 23. Rxf5+ Nf6 $2 (23... exf5 $2 24.
Qxf5+ Ke7 (24... Bf6 25. Qxd5+ Kf8 26. Bxe4 $18) 25. Qxd5 Nd6 (25... Nf6 26.
Bc5+ Rxc5 (26... Ke8 $2 27. Bg6#) 27. Qxc5+ Kf7 28. Bxb5 $18) 26. Bf4 Rc6 27.
Bxd6+ Rxd6 28. Rf7+ Ke8 29. Qxd6 Kxf7 30. Bg6+ Kg8 31. Qe6+ $18) (23... Ke7 $8
24. Rf7+ Kd6 25. Bf4+ Kc6 26. Qh3 Nc5 27. Bxb5+ Qxb5 (27... Kxb5 28. Bd6 $16)
28. Re1 $16) 24. Rxf6+ Bxf6 25. Rxf6+ Kxf6 26. Bg5+ Ke5 (26... Kxg5 27. Qg6+
Kh4 (27... Kf4 28. Qg3#) 28. g3+ Kh3 29. Qh5#) 27. Qxg7+ Kd6 28. Qe7+ Kc6 (
28... Ke5 29. Bf6+ Kf4 30. Qd6+ Ke3 31. Qg3+ Kd2 32. Bg5+ Kc3 33. Be2+ Kb2 34.
Qb3+ Ka1 35. Bf6+ $18) 29. Qxe6+ Kc7 (29... Kc5 30. Be3+ Kb4 31. Qxc8 $18) 30.
Bf4+ Kd8 31. Qf6+ Ke8 32. Bg6+ Kd7 33. Qd6# 1-0

[Event "EU-ch 6th"]
[Site "Warsaw"]
[Date "2005.06.21"]
[Round "4"]
[White "Kornev, Alexei"]
[Black "Williams, Simon Kim"]
[Result "1-0"]
[WhiteElo "2565"]
[BlackElo "2466"]
[Annotator "Postny,E"]
[PlyCount "55"]
[EventDate "2005.06.18"]
[EventType "swiss"]
[EventRounds "13"]
[EventCountry "POL"]
[SourceTitle "CBM 108"]
[Source "ChessBase"]
[SourceDate "2005.09.26"]
[SourceVersion "1"]
[SourceVersionDate "2005.09.26"]
[SourceQuality "1"]

1. e4 e6 2. d4 d5 3. Nd2 Nf6 4. e5 Nfd7 5. Bd3 c5 6. c3 Nc6 7. Ne2 cxd4 8. cxd4
f6 9. Nf4 $5 {This sharp line is a rare guest on top level nowadays. The
arising positions are very irrational and a better prepared player has great
chances to succeed.} ({The main and solid line is} 9. exf6 {followed by 0-0
and Nd2-f3.}) 9... Nxd4 10. Qh5+ Ke7 11. exf6+ Nxf6 12. Ng6+ hxg6 13. Qxh8 e5 (
{The main continuation is} 13... Kf7 $1 {and only after} 14. O-O {black plays}
e5 {. After the immediate 13...e5 white has additional possibility which was
perfectly realised in current game...}) 14. Nf3 (14. Bxg6 e4 15. O-O Ne2+ 16.
Kh1 Nf4 17. Bh7 Nd3 18. b3 Qd6 19. a4 Nxc1 20. Raxc1 Qf4 $13 {1-0 Janjgava,
L-Dreev,A/Lvov 1987 (37)}) 14... Nxf3+ 15. gxf3 Bf5 16. Bxf5 gxf5 17. Bg5 (17.
O-O d4 18. Bg5 Kf7 19. Rfe1 Bd6 20. Qh3 Qd7 21. Kh1 f4 22. Qh4 Qc6 23. Kg2 Rg8
24. Rad1 Qd5 $132 {0-1 Filipek,J-Dgebuadze,A/Eupen 2003 (62)}) 17... Qe8 $2
$146 {Such slow moves are definitely not in the spirit of this opening
variation.} (17... Ke6 18. O-O-O Qb6 19. Rd2 Rd8 20. Kb1 Kf7 21. Qh3 Qe6 22.
Rc1 Rd7 23. Bxf6 Qxf6 24. Rc8 d4 25. f4 exf4 26. Qb3+ Kg6 27. Rxf8 {1-0 Pirrot,
D-Maier,C/Bundesliga 1995}) (17... Kf7 18. Qh4 d4 19. Bxf6 Qxf6 20. Qxf6+ Kxf6
21. Rc1 Bd6 22. Ke2 Rh8 23. h4 $14 {1-0 Zapata,A-Juarez,C/Granma 1987 (42)}) (
17... Qa5+ 18. Kf1 e4 19. Qh3 Ke6 20. Kg2 Be7 21. Rhe1 Bb4 22. fxe4 Bxe1 23.
Qxf5+ Kf7 24. e5 $40 {1-0 Kholmov,R-Jurek,J/Decin 1996 (29)}) 18. O-O-O $1 $18
{White's king is safe on the queenside, while his counterpart is "wandering"
in the centre.} f4 19. Bxf6+ Kxf6 20. Rhg1 d4 21. Qh4+ Ke6 22. Kb1 Kd5 23. Qh7
$1 {White's queen will join the hunt after the black king via the diagonal
b1-h7.} Kc5 24. Rc1+ Kb5 25. Rg5 Ka6 26. Qd3+ b5 27. Rg6+ Ka5 28. a3 {[%csl
Ra5][%cal Rb2b4]} 1-0

[Event "Corus-B"]
[Site "Wijk aan Zee"]
[Date "2006.01.16"]
[Round "3"]
[White "Navara, David"]
[Black "Stellwagen, Daniel"]
[Result "1-0"]
[WhiteElo "2660"]
[BlackElo "2573"]
[Annotator "Postny,E"]
[PlyCount "117"]
[EventDate "2006.01.14"]
[EventType "tourn"]
[EventRounds "13"]
[EventCountry "NED"]
[EventCategory "15"]
[SourceTitle "CBM 111"]
[Source "ChessBase"]
[SourceDate "2006.04.04"]
[SourceVersion "1"]
[SourceVersionDate "2006.04.04"]
[SourceQuality "1"]

1. e4 e6 2. d4 d5 3. Nd2 Nf6 4. e5 Nfd7 5. Bd3 c5 6. c3 Nc6 7. Ne2 cxd4 8. cxd4
f6 9. exf6 Nxf6 10. O-O Bd6 11. Nf3 Qc7 ({Another common theoretical line is:} 
11... O-O 12. Bf4 Bxf4 13. Nxf4 Ne4) 12. Bg5 O-O 13. Bh4 {White wants to play
Bh4-g3 in order to exchange black's good dark-squared bishop. Therefore,
black's next move is logical.} ({A solid alternative is:} 13. Rc1) 13... Nh5 (
13... e5 14. dxe5 Nxe5 15. Nxe5 Bxe5 16. Bg3 {gives white a slight, but long
lasting advantage.}) 14. Qc2 h6 15. Bh7+ Kh8 16. Bg6 Rxf3 {A standard and
theoretical exchange sacrifice.} 17. Bxh5 ({White can also accept the
sacrifice, for instanse:} 17. gxf3 Bxh2+ 18. Kh1 Nf4 19. Ng3 Bxg3 (19... Qd6
$140 $5 20. Kxh2 $2 Nxd4 21. Qc3 e5 $40) 20. fxg3 Nxg6 21. Qxg6 Nxd4 22. Rac1
Qd7 23. Rf2 $36 {1-0 Volzhin,A (2556)-Johannessen,L (2422)/Bergen 2000/CBM 077
ext (37)}) 17... Bxh2+ $2 {In such a sharp line both sides are obliged to play
precisely. The move in the text is the decisive mistake. Black simply won't be
able to save both rook and dark-squared bishop. The Ph2 is of no significance
at all in this position.} (17... Rf8 18. Bg3 Bd7 19. Rad1 (19. Rac1 Rac8 20.
Qd2 Bxg3 21. hxg3 Qb6 22. Nf4 Kg8 23. Ng6 Rf7 24. Rfd1 Rd8 25. Rc3 $14 {
1/2-1/2 Sermek,D (2515)-Gleizerov,E (2586)/Saint Vincent 2001/CBM 080 ext (33)}
) 19... Bxg3 20. hxg3 Rf6 21. Nf4 Rc8 22. Bg4 Rxf4 23. gxf4 Qxf4 24. Bh3 Nxd4
25. Qd2 Qxd2 26. Rxd2 Nc6 $11 {1/2-1/2 Godena,M (2527)-Berescu,A (2439)/Warsaw
2005/CBM 108 (38)}) 18. Kh1 Rf5 (18... Rf8 19. f4 $1 (19. g3 $2 g5 $13) 19...
Bxf4 20. Nxf4 Rxf4 21. Bg3 Rxf1+ 22. Rxf1 Qd8 23. Rf7 Nxd4 24. Qf2 $2 (24. Qg6
$1 Nf5 25. Rxg7 $1 Nxg7 26. Qxh6+ Kg8 27. Bg6 {with a mate coming soon.}) 24...
Nf5 25. Bg6 Nxg3+ 26. Qxg3 e5 27. Qxe5 Qg8 $14 {1/2-1/2 Delgado,N (2557)
-Rodriguez,A (2556)/Sao Paulo 2004/CBM 100 ext (53)}) 19. Bg6 Bd6 {Black is
forced to sacrifice the exchange to save his dark-squared bishop.} 20. Bxf5
exf5 21. Rae1 $146 (21. f4 $6 Qf7 22. Rf3 Bd7 23. Bf2 Re8 24. Nc3 $14 {1/2-1/2
Pan Qian (2196)-Zhukova,N (2479)/Xiapu 2005/CBM 106 ext (56)}) 21... Bd7 (21...
g5 $2 22. Bg3 f4 23. Qg6 $1 fxg3 (23... Bf8 24. Nxf4 $1 gxf4 25. Re8 $18) 24.
fxg3 {[%cal Gf1f7]} Qg7 25. Qxd6 $18) 22. Nc3 Qb6 23. Qd2 f4 {Trying to trap
white's dark-squared bishop. The alternatives are not better.} (23... Qxd4 24.
Qxd4 Nxd4 25. Be7 $18) (23... g5 24. Bxg5 hxg5 25. Qxg5 {with a decisive
attack.}) 24. Nxd5 Qb5 25. Nxf4 Bb4 26. Qd1 Bxe1 27. Rxe1 {Black has managed
to win the exchange back, but now there is no real compensation for white's
extra pawn. Actually, white's advantage has transformed and even increased.}
Qf5 (27... g5 $2 28. Qh5 $18) (27... Qxb2 28. d5 Nd4 29. Re7 (29. Ng6+ Kg8 30.
Ne7+ Kh8 31. Qd3 Bb5 32. Qe4 Qd2 {looks also very promising for white, but
probably black still holds on somehow...}) 29... Bf5 30. Qe1 ({Does not work} 
30. Bf6 $4 gxf6 31. Qh5 Qc1+ 32. Kh2 Qxf4+) 30... Qb1 (30... Nc2 31. Qd2 $18)
31. Qxb1 Bxb1 32. d6 g5 33. d7 $18) 28. Bg3 Re8 29. Rxe8+ Bxe8 30. d5 Ne5 31.
f3 Ng6 32. Ne6 {Obviously, white avoids the knight exchange. Black's only
drawing chance would be opposite coloured bishops.} Bf7 33. Qd4 $5 {Navara
chooses the most solid way. It's a pity for white to exchange his strong
passed "d" pawn for black's side pawn. However, in case that Navara was short
of time, his decision is the best from practical point of view.} (33. Nc7 Qg5
34. Kh2 h5 35. d6 h4 36. Be1 Nf4 37. Qd2 Qe5 38. Bxh4 $18) 33... Bxe6 34. dxe6
Qxe6 35. Qxa7 Qd5 36. Qa4 Kh7 37. Qe4 Qxa2 38. Qxb7 h5 39. Qb4 $1 {Preventing
h5-h4 and restricting black's knight completely.} Qd5 40. Kh2 Qg5 41. Qd4 Ne7
42. Bh4 $1 {Transposing into a completely won endgame.} Nf5 43. Bxg5 Nxd4 44.
Kg3 Kg6 45. Be3 Nb3 {Trying to block white's passed pawn, but eventually,
because of zugzwang black will have to give way.} 46. Kf4 Kf6 47. Bb6 g6 48.
Be3 Ke6 49. Kg5 Kf7 50. f4 Na5 (50... Kg7 51. f5 gxf5 52. Kxf5 $18) 51. f5 gxf5
52. Kxf5 Nc4 53. Bd4 Nd6+ 54. Kg5 h4 55. Bc3 Nc4 56. Kxh4 Ne3 57. g4 Kg6 58. b4
Nd5 59. b5 1-0

[Event "RUS-ch sf 58th"]
[Site "Kazan"]
[Date "2005.09.03"]
[Round "1"]
[White "Rublevsky, Sergei"]
[Black "Kosyrev, Vladimir"]
[Result "1-0"]
[WhiteElo "2645"]
[BlackElo "2540"]
[Annotator "Postny,E"]
[PlyCount "93"]
[EventDate "2005.09.03"]
[EventType "swiss"]
[EventRounds "9"]
[EventCountry "RUS"]
[SourceTitle "CBM 109"]
[Source "ChessBase"]
[SourceDate "2005.11.14"]
[SourceVersion "1"]
[SourceVersionDate "2005.11.14"]
[SourceQuality "1"]

1. e4 e6 2. d4 d5 3. Nd2 Nf6 4. Bd3 c5 5. e5 Nfd7 6. c3 b6 {This rare move has
a sound positional idea: black is intending to perform the favourable exchange
of light-squared bishops by 7...Ba6. However, this plan is somewhat slow and
gives white several additional tempi for development.} 7. Ne2 ({Another option
is} 7. Nh3 {which usually leads to the same position, since the knight is
heading to f4 anyway.}) 7... Ba6 8. Bxa6 Nxa6 9. O-O Nc7 10. Nf4 {White has to
play aggressively in order to make use of his temporary development advantage.}
Be7 11. Qg4 g6 12. Nf3 c4 {A somewhat committing decision. However, Black has
to play this move sooner or later, since his pieces are not able to press
white's Pd4. Therefore, Black grabs space on the queenside, hoping to make use
of it in the long term.} (12... h5 13. Qg3 c4 (13... g5 14. Ne2 g4 15. Ne1 Nf8
16. f4 Qd7 17. f5 exf5 18. Qf4 Nfe6 19. Qxf5 O-O-O $132 {0-1 Siklosi,
Z-Moskalenko,V/St Ingbert 1990/EXT 97 (33)}) 14. a4 $6 (14. h4 $5 {Mueller,
Karsten}) 14... Nb8 15. b3 cxb3 16. Nd2 Nc6 17. Nxb3 Rc8 18. Qh3 Kf8 19. g4 $6
Kg8 20. gxh5 Bg5 $15 {0-1 Ye Jiangchuan-Zhang Zhong/Beijing 1996/CBM 54 ext 
(67)}) 13. h4 {[%cal Gh4h5] Black can not allow his opponent to play h4-h5, so
his next move is obligatory.} h5 14. Qg3 b5 15. Nh3 Nf8 $146 {The knight is
going to h7 in order to reduce white's attacking potential.} (15... a5 16. Nfg5
Rg8 17. Re1 Nf8 18. Re3 Rg7 19. Rf3 Qd7 20. Bd2 {--> 1-0 Berelovich,A-Jussupow,
A/Germany 2002/CBM 093/[Mueller,Karsten] (59)}) (15... Nb6 16. Nfg5 Qd7 17. Qf3
Bd8 18. b3 a5 19. Ba3 b4 20. cxb4 Nb5 21. bxa5 Nxa3 22. axb6 Bxb6 23. bxc4 Nxc4
24. Rfd1 O-O 25. Qe2 Ra4 $44 {0-1 Tzermiadianos,A-Skalkotas,N/Liosia 1991/EXT
2003 (41). (41)}) 16. a4 bxa4 $6 {I don't like this move. Black opens the
b-file for his rooks, but, in my opinion the drawbacks of this exchange are
quite obvious.} (16... b4 {was called for, with chances for both sides.}) 17.
Rxa4 $14 a6 18. Nfg5 Nh7 19. Qf3 {[%csl Rf7]} Nxg5 20. Bxg5 {After the
exchange of the dark-squared bishops the dark holes in Black's camp will
become an important factor to determine White's advantage.} Rb8 21. Ra2 Bxg5
22. Nxg5 Qe7 23. Re1 O-O {Black wishes to move his king to the other side of
the board, but he must protect the Pf7.} 24. Re3 $1 {The rook will be very
useful on the 3rd rank. After the following g2-g4 thrust Black's king will be
in danger.} Ne8 {Transfering the knight to the defense.} (24... Rb7 25. g4 hxg4
26. Qxg4 f5 27. exf6 Rxf6 28. Nf3 $16) 25. g4 $1 {Starting an assault against
the black king.} hxg4 26. Qxg4 Ng7 27. Rxa6 Rxb2 28. Rf3 Rb1+ ({Bad is} 28...
Nf5 $2 {in view of} 29. h5 {Black must keep his knight on g7.}) 29. Kh2 Qb7 30.
Rd6 Rb6 {Black is trying to reduce White's attacking potential, but this move
actually allows White to carry out the desired breakthrough.} (30... Ra1 {
[%cal Gb7b1]} 31. Qg2 $1 {White is intending to play 32.Rf6 and only then the
breakthrow h4-h5. Black is in serious trouble.} (31. h5 Nxh5 (31... gxh5 $2 32.
Qg2 $1 $40 {[%csl Rg8][%cal Gg5h3,Gh3f4,Gf4h5,Gf3f6,Gf3g3]}) (31... Qb1 $2 32.
Qg2 Nxh5 33. Rd7 $18 {[%csl Rf7]}) 32. Rxf7 Rxf7 33. Qxe6 Qe7 34. Qxg6+ Rg7 35.
Qe6+ Rf7 (35... Qxe6 $4 36. Rd8+ Qe8 37. Rxe8#) 36. Qxf7+ (36. Qg6+ $11) 36...
Qxf7 37. Nxf7 Kxf7 38. Rxd5 {This endgame should end in a draw.})) (30... Rc1
$2 {[%tqu "En","Find the winning strike.","","","f3f7","",7]} 31. Rxf7 $1 Rxf7
32. Rd8+ Rf8 33. Rxf8+ Kxf8 34. Qf4+ $18 {[%cal Gf4c1,Gf4f8]}) 31. Rxb6 Qxb6
32. h5 $1 {[%mdl 128]} Qb1 $2 {Black is cracking under pressure.} (32... gxh5
$2 33. Qf4 $18 {[%csl Rf7,Rg8][%cal Gf4f6,Gf6h6,Gh6h7]}) ({The least of the
evils for black would have been} 32... Nxh5 33. Nxf7 Kg7 $8 34. Ng5 Rf5 35.
Rxf5 exf5 36. Qf3 Qc6 $16) 33. h6 Nf5 {[%tqu "En","Continue the attack.","","",
"g5e6","",5]} 34. Nxe6 $1 Ra8 (34... fxe6 $2 35. Qxg6+ Kh8 36. Rxf5 Rg8 37.
Qf6+ Kh7 38. Rg5 $18) 35. h7+ $2 {A serious inaccuracy.} ({The quickest way
for a win was} 35. Qg5 {[%cal Gg5f6]} Kh7 36. Qf6 fxe6 37. Rxf5 Ra7 38. Rf3 Qd1
39. Kg2 $18) 35... Kh8 (35... Kxh7 $2 36. Qh3+ Kg8 37. Ng5 $18) 36. Ng5 Ra1 37.
Qg2 (37. Nxf7+ Kxh7 38. Qg2 $18) 37... Qc1 $6 ({More stubborn was} 37... Ra7)
38. Nxf7+ Kxh7 39. Ng5+ ({A quicker win would have been after} 39. e6 $1 {
[%cal Gf7e5]}) 39... Kg7 40. Ne6+ Kf7 41. Rh3 $1 {[%mdl 2048] White's attack
is decisive, while black is not able to create any counterthreats. The game
shows very nice harmony between White's pieces.} Nh6 (41... Kxe6 42. Qxg6+ {
with forced mate.}) 42. Ng5+ Kg7 43. Rg3 Nf5 (43... Qf1 44. Ne6+ Kf7 45. Qf3+
Nf5 46. Rxg6 $1 Kxg6 47. Qg4+ Kf7 48. Qxf5+ Ke7 49. Qf6+ Kd7 50. Qf7+ Kc6 51.
Nd8+ Kb6 52. Qb7+ Ka5 53. Nc6+ Ka4 54. Qb4#) 44. Ne6+ Kf7 45. Rxg6 Ne7 46. Rf6+
({A bit nicer was} 46. Qf3+ Kxg6 47. Qf6+ Kh5 48. Ng7+ Kg4 49. f3#) 46... Ke8
47. Nc7+ 1-0

[Event "Barcelona Casino"]
[Site "Barcelona"]
[Date "2005.10.28"]
[Round "5"]
[White "Fedorchuk, Sergey A"]
[Black "Ivanchuk, Vassily"]
[Result "1/2-1/2"]
[WhiteElo "2564"]
[BlackElo "2748"]
[Annotator "Postny,E"]
[PlyCount "97"]
[EventDate "2005.10.24"]
[EventType "tourn"]
[EventRounds "5"]
[EventCountry "ESP"]
[EventCategory "15"]
[SourceTitle "CBM 110"]
[Source "ChessBase"]
[SourceDate "2006.01.31"]
[SourceVersion "1"]
[SourceVersionDate "2006.01.31"]
[SourceQuality "1"]

1. e4 e6 2. d4 d5 3. Nd2 c5 4. Ngf3 Nf6 5. e5 Nfd7 6. c3 Nc6 7. Bd3 a5 {
This line is somewhat provocative. At a price of delaying the development,
black is pushing his "a" pawn trying to create a counterplay on the queenside
as soon as possible.} ({The main alternatives are:} 7... Be7) ({and} 7... Qb6)
8. O-O a4 (8... Be7 9. Re1 c4 10. Bc2 b5 11. Nf1 Nb6 12. N3d2 h5 13. f4 b4 14.
Qf3 g6 15. g3 a4 16. a3 bxa3 17. bxa3 Na5 18. h3 Nb3 19. Ra2 Rb8 20. g4 hxg4
21. hxg4 Na8 22. Nb1 Nc7 23. Ng3 Nb5 24. Be3 $14 {1/2-1/2 Navara,D (2620)
-Kortschnoj,V (2601)/Mallorca 2004/CBM 104 no vc (77)}) (8... g6 9. Re1 Bg7 10.
Nf1 Qb6 11. dxc5 Qc7 12. Bf4 Nxc5 13. Bc2 $14 {1-0 Nisipeanu,L (2592)-Welling,
G (2400)/Saint Vincent 2003/CBM 092 ext (22)}) 9. Re1 (9. c4 dxc4 10. Nxc4 Nxd4
11. Nxd4 cxd4 12. Qg4 Nc5 13. Bg5 Qc7 14. Qxd4 $40 {[%csl Re8] 1-0
Anagnostopoulos,D (2515)-Reefschlaeger,H (2335)/Velden 1996/EXT 97 (20)}) 9...
a3 {Ivanchuk is consequent, but the whole idea of pushing the "a" pawn till
the end is rather risky, since black is lagging in development.} 10. c4 $1 $146
{Blowing up the centre is very logical. Black has to be very careful, white's
development advantage might become very apparent.} (10. bxa3 c4 11. Bc2 Bxa3
12. Bxa3 Rxa3 13. Nb1 Ra8 14. a4 b5 15. Na3 b4 16. cxb4 Nxb4 17. Nb5 O-O 18.
Bb1 $13 {1-0 Konguvel,P (2377)-Bunzmann,D (2484)/Biel 2000/CBM 077 ext (51)})
10... Be7 (10... dxc4 11. Nxc4 cxd4 12. bxa3 $14) 11. bxa3 $1 (11. cxd5 $2 exd5
12. b3 (12. e6 $2 fxe6 {gives white nothing.}) 12... O-O 13. Nf1 cxd4 14. Ng3
f6 $15) 11... cxd4 $6 {A risky continuation.} (11... dxc4 12. Nxc4 cxd4 13. Be4
$14) 12. cxd5 Nc5 (12... exd5 13. Nb3 $14 {[%cal Gb3d4,Gf3d4]}) 13. Nc4 $2 {
This is too active.} (13. dxc6 Nxd3 14. Re4 {[%csl Rd4]} Qc7 (14... Nxc1 15.
Rxc1 bxc6 16. Nxd4 $16) 15. Qc2 Nc5 (15... Nxc1 16. cxb7 Qxb7 (16... Qxc2 17.
bxa8=Q O-O 18. Re1 $18) 17. Rxc1 d3 18. Qxd3 Rxa3 19. Qc2 O-O 20. Rc4 Bd7 21.
Rc7 Qb5 22. Nc4 $18) 16. Rxd4 Qxc6 17. Nc4 $16) 13... exd5 14. Nd6+ Bxd6 15.
exd6+ Be6 {Now black is safe.} 16. Bf4 O-O 17. Bb5 $6 {Allowing black's knight
to jump to the centre.} ({Does not work:} 17. Bxh7+ $2 Kxh7 18. Ng5+ Kg8 19.
Qh5 Bf5 $19) ({More the point would have been} 17. Rc1 Nxd3 18. Qxd3 Qf6 19.
Bg3 $11) 17... Ne4 $15 (17... Rxa3 $2 18. Nxd4 $14) 18. a4 Qf6 19. Bg3 Bg4 $6 (
19... Nxg3 20. hxg3 Bd7 $15 {[%csl Rd6]}) 20. Rc1 $6 (20. Bxc6 bxc6 (20... Bxf3
21. gxf3 $1 Nc3 22. Qd3 bxc6 23. Be5 Qg5+ 24. Kh1 Ne4 25. Bxd4 $16) 21. Qxd4
Bxf3 22. Qxf6 gxf6 23. gxf3 Nxg3 24. hxg3 Rfd8 25. Rab1 Rxd6 26. Re7 $11) 20...
Nxg3 21. hxg3 Qxd6 22. Bxc6 bxc6 23. Qxd4 Bxf3 24. gxf3 {Black has two
connected passed pawns, but it's not very hard to get them forward. White has
reasonable chances for a draw.} Ra6 $17 25. Re3 h6 26. Rec3 Rfa8 27. a5 Qd7 28.
Kg2 Rxa5 {Otherwise, black is not able to achieve any progress.} 29. Rxc6 Rxa2
30. Rc7 Qe6 31. R1c6 Qe2 32. Rc3 $6 (32. Rg6 $5 Qxf2+ 33. Qxf2 Rxf2+ 34. Kxf2
fxg6 35. Rd7 Ra5 36. f4 {and this may not be winning for black, due to doubled
pawns and problems to activize both pieces.}) (32. Rc8+ Rxc8 33. Rxc8+ Kh7 34.
Rc7 Rd2 35. Re7 Qxe7 36. Qxd2 Qe5 {with good winning chances.}) 32... Rd2 33.
Qe3 (33. Qf4 Qxf2+ 34. Kh3 Rf8 35. Rc8 Qf1+ 36. Kg4 h5+ 37. Kg5 f6+ 38. Kg6
Qb1+ {without this check black could resign!} 39. Qf5 Qxf5+ 40. Kxf5 Rxc8 41.
Rxc8+ Kh7 $19) 33... Qxe3 $2 (33... Raa2 $1 34. Qxe2 Rxe2 35. Kh3 Rxf2 36. Kg4
(36. Rd7 $2 f5 37. g4 f4 38. g5 Rg2 {and white's king is in the mating net.})
36... Rae2 37. Rd7 g6 38. Kh3 (38. Rxd5 $2 f5+ 39. Kf4 {[%tqu "En","Can you
spot mate in one?","","","e2e4","",1]} Re4#) 38... h5 39. Kh4 Kg7 $19) 34. Rxe3
Raa2 35. Re8+ Kh7 36. Rxf7 Rxf2+ 37. Kh3 Kg6 38. Ree7 $2 ({The only move was} 
38. Rff8 {and the endgame is very close to be drawn.}) 38... Rh2+ 39. Kg4 h5+
$4 {Both players were obviously in time-scramble.} (39... Ra4+ $1 40. f4 (40.
Rf4 h5#) 40... h5+ 41. Kf3 Ra3+ 42. Re3 Rxe3+ 43. Kxe3 Kxf7 {with a rook up.})
40. Kf4 $11 {Now, white's king escapes.} Ra4+ 41. Ke3 Ra3+ 42. Kd4 Rd2+ 43. Kc5
Kh6 44. Rxg7 Rxf3 45. Rh7+ Kg6 46. Reg7+ Kf6 47. Rf7+ Kg6 48. Rhg7+ Kh6 49.
Rh7+ 1/2-1/2